000 01568nab a2200229 i 4500
001 768714001
003 CO-MdFUSB
005 20260305153702.0
008 240617t1985 us ||||| |||| 00| 0 eng d
040 _bspa
_cCO-MdFUSB
_dCO-MdFUSB
041 _aeng
100 _aBin, Tan Che,
_eautor
245 _aChinese protestant theological education in the diaspora since 1949
_c/ Tan Che Bin
520 _aEducación teológica protestante china en la diáspora desde 1949. Aún no se ha completado una investigación exhaustiva sobre este período. Para empezar, la frase "educación teológica china en la diáspora" requiere alguna explicación. Generalmente, utilizamos el término "chino" para referirnos a todos aquellos que se identifiquen como tales, independientemente de su idioma o país de origen. Los estudiantes chinos no están representados en instituciones como el Centro de Educación y Discipulado de Singapur y el Seminario Teológico Asiático de Manila. Además, debido a la imposibilidad de asociar la educación teológica en China con la educación en "universidades/seminarios teológicos", dichas instituciones no se incluyen en nuestro estudio.
546 _aTexto en inglés
650 7 _aIglesia
_9655
650 0 _aCristianismo y otras religiones
_91247
650 7 _aTeología dogmática
_96937
773 0 _070215
_982769
_dPensilvania, Estados Unidos
_oR2644
_tMissiology
_w(CO-MdFUSB)768714001
_gVolumen 13, (número 3, 1985) páginas: 297 - 308
_qpágina: 297
942 _cANA
945 _aCatherine Arias Álvarez - Practicante SENA
999 _c70220
_d70220